Detalles MARC
| 000 -LEADER |
| fixed length control field |
01025nam a22002417a 4500 |
| 001 - CONTROL NUMBER |
| control field |
00005629 |
| 003 - CONTROL NUMBER IDENTIFIER |
| control field |
DO-SdBNP |
| 005 - DATE AND TIME OF LATEST TRANSACTION |
| control field |
20160404134411.0 |
| 007 - PHYSICAL DESCRIPTION FIXED FIELD--GENERAL INFORMATION |
| fixed length control field |
00005629 |
| 008 - FIXED-LENGTH DATA ELEMENTS--GENERAL INFORMATION |
| fixed length control field |
160404b 2011 dr ||| |||| 00| 0 spa d |
| 040 ## - CATALOGING SOURCE |
| Linkage |
BPMSU |
| Field link and sequence number |
spa |
| Original cataloging agency |
BPMSU |
| Transcribing agency |
dr |
| 100 ## - MAIN ENTRY--PERSONAL NAME |
| Relator code |
Montes de Oca y Boyer, Aleyda |
| 245 ## - TITLE STATEMENT |
| Title |
Caligrafía dominicana en script no. 2 / |
| Statement of responsibility, etc. |
Aleyda Montes de Ocay Boyer , Ysabel Ernestina Pacheco Tavárez ; dibujo Katja Karina Féliz Montes de Oca, Ayeska Carolina Féliz Montes de Oca, |
| 260 ## - PUBLICATION, DISTRIBUTION, ETC. (IMPRINT) |
| Place of publication, distribution, etc. |
Santo Domingo : |
| Name of publisher, distributor, etc. |
(ITESA) |
| Date of publication, distribution, etc. |
2011 |
| 300 ## - PHYSICAL DESCRIPTION |
| Extent |
80 p. ; |
| Other physical details |
il., |
| Dimensions |
28 cm. |
| 500 ## - GENERAL NOTE |
| General note |
Aprovado por la Secretaría de Estado de Educación. Mediante los siguientes oficios no.359, 360 y 361 17/12/91 |
| 700 ## - ADDED ENTRY--PERSONAL NAME |
| Relator code |
Féliz Montes de Oca,,Katja Karina |
| Relator term |
dibujo |
| 700 ## - ADDED ENTRY--PERSONAL NAME |
| Relator code |
Pacheco Tavárez, Ysabel Ernestina |
| 700 ## - ADDED ENTRY--PERSONAL NAME |
| Personal name |
Féliz Montes de Oca, Ayeska Carolina |
| Relator term |
dibujo |
| 710 ## - ADDED ENTRY--CORPORATE NAME |
| Relator code |
Instituto Tenológico Saleciano (República Dominicana) |
| 942 ## - ADDED ENTRY ELEMENTS (KOHA) |
| Source of classification or shelving scheme |
Dewey Decimal Classification |
| Koha item type |
Libros |
| 956 ## - LOCAL ELECTRONIC LOCATION AND ACCESS (OCLC) |
| Access method |
VMATEO |
| Materials specified |
10 |
| Linkage |
20160404 |
| Field link and sequence number |
BPMSU |
| Host name |
0069 |